| 000 | 00000nam##2200000za#4500 |
| 001 | 9.690879 |
| 003 | CaOODSP |
| 005 | 20210624232525 |
| 007 | cr ||||||||||| |
| 008 | 150407|2008||||xxc|||||o f|0| 0 eng|d |
| 020 | |a978-0-662-48322-9 |
| 040 | |aCaOODSP|beng |
| 043 | |an-cn--- |
| 086 | 1 |aCS97-561/2006-1E-PDF |
| 245 | 00|aCommuting patterns and places of work of Canadians, 2006 Census |h[electronic resource] |
| 260 | |aOttawa - Ontario : |bStatistics Canada |cApril 2008. |
| 300 | |a42p.|bgraphs, tables |
| 590 | |a10-11-Supp|b2010-11-10 |
| 710 | 2 |aStatistics Canada. |
| 775 | 08|tHabitudes de navettage et lieux de travail des Canadiens, Recensement de 2006 |w(CaOODSP)9.635224 |
| 856 | 40|ahttp://publications.gc.ca|qPDF|s1153 KB|uhttps://publications.gc.ca/collections/collection_2010/statcan/CS97-561-2006-1-eng.pdf |